000 00820nam a22002177a 4500
005 20250715163708.0
008 250715b |||||||| |||| 00| 0 eng d
037 _cTB
040 _aCRL
_cCRL
041 _2pun
084 _aO153,3:g Q0
_qCRL
100 _aਧੀਮਾਨ, ਹਰਬੰਸ ਸਿੰਘ
_9783985
245 _aਪੰਜਾਬੀ ਗਲਪ ਚਿੰਤਨ
260 _aਪਟਿਆਲਾ, ਭਾਰਤ:
_bਗਗਨ ਪ੍ਰਕਾਸ਼ਨ,
_c2020.
300 _a238ਪ੍ਰ0
365 _b240.00
_cINR
650 _aਪੰਜਾਬੀ ਸਾਹਿਤ
650 _aਪੰਜਾਬੀ ਕਹਾਣੀ
942 _2CC
_cTB
_hO153,3:g Q0
_n0
999 _c1433682
_d1433682